000 00582nam a2200193Ia 4500
005 20250508160206.0
008 008 250505s9999 xx 000 0 eng d
037 _aBooks to be hide in OPAC
040 _aFEDL
_beng
_cFEDL
041 _aeng
_2eng
084 _qFEDL
245 0 _aReport on the work of the bureau of education for the natives of Alaska, 1912-13
245 0 _cUnited States Bureau of Education
260 _aWashington, USA
_bU.S. Government Printing Office
_c1914
300 _a62p.
546 _aWeeded out
942 _cHB
999 _c1362556
_d1362556